| 000 | 00661nam a22002297a 4500 | ||
|---|---|---|---|
| 003 | UA-OsUOA | ||
| 001 | 104253 | ||
| 007 | ta | ||
| 008 | 20131210b un ||||| |||| 00| 0 ukr d | ||
| 100 | _aСитник О.М. | ||
| 700 | _aСтрельник О.Л. | ||
| 090 |
_a94(477) _bС41 |
||
| 942 | _cSA | ||
| 040 |
_aUA-OsUOA _bukr _cUA-OsUOA _dUA-OsUOA |
||
| 245 | _aПолітико-правовий аспект політики "українізації" 1920-х років | ||
| 300 | _aС.25-31 | ||
| 955 | _a0 | ||
| 041 | _aukr | ||
| 080 | _a94(477) | ||
| 773 | 0 | _w104251 | |
| 650 | 7 |
_a9 Географія. Біографії. Історія _2UDC |
|
| 999 |
_c390690 _d390690 |
||